Actor/Character M*A*S*H up! - Statistics

General Stats
  • This quiz has been taken 147 times
  • The average score is 13 of 18
Answer Stats
Hint Answer % Correct
Alan Alda Captain Benjamin "Hawkeye" Pierce
99%
Gary Burghoff Corporal Walter "Radar" O'Reilly
99%
Loretta Swit Major Margaret "Hot Lips" Houlihan
98%
Jamie Farr Corporal Maxwell Klinger
97%
Larry Linville Major Frank Burns
96%
Harry Morgan Colonel Sherman Potter
95%
Mike Farrell Captain B J Hunnicutt
92%
McLean Stevenson Colonel Henry Blake
91%
Wayne Rogers Captain John "Trapper" McIntyre
90%
David Ogden Stiers Major Charles Winchester III
89%
William Christopher Father Francis Mulcahy
68%
Allan Arbus Doctor Sidney Freedman
62%
Kellye Nakahara Nurse Kealani Kellye
57%
Jeff Maxwell Private Igor Straminsky
52%
G W Bailey Staff Sergeant Luther Rizzo
50%
Edward Winter Colonel Sam Flagg
39%
Johnny Haymer Staff Sergeant Zelmo Zale
31%
Odessa Cleveland Lieutenant Ginger Bayliss
23%
No matching quizzes found
Score Distribution
Percent of People with Each Score
Percentile by Number Answered
Your Score History
You have not taken this quiz